| 000 | 00743nam a22002057a 4500 | ||
|---|---|---|---|
| 999 |
_c11512 _d11512 |
||
| 003 | AR-CdUCM | ||
| 008 | 190404b ||||| |||| 00| 0 spa d | ||
| 040 |
_aMUNICIPALIDAD PROVINCIAL DEL CUSCO _cBIBLIOTECA MUNICIPAL DEL CUSCO |
||
| 082 |
_a869.56 / _bX14 / 1940 |
||
| 100 |
_aXammar, Luis Fabio _925422 |
||
| 245 | _aValdelomar: signo / | ||
| 260 |
_aLima : _bSphinx, _c1940. |
||
| 300 |
_a106 páginas ; _c24 cm. |
||
| 505 | _aHorario -- Voz por la leyenda de Valdelomar -- Doctrina estética -- El paisaje del mar -- La ciudad de los tisicos -- La mariscala -- Humorisimos y presentimiento... | ||
| 650 |
_aLiteratura. _983 |
||
| 650 |
_aValdelomar. _96037 |
||
| 650 |
_aLiteratura peruana. _9169 |
||
| 942 |
_2ddc _cLIBROS |
||
| 945 | _awfj | ||